000
00258nam a22001097a 4500
008
160505b xxu||||| |||| 00| 0 eng d
020
_a
1564589927
041
_a
eng
080
_a
611
245
_a
The human body:
_c
Edited by: Charles Clayman;
942
_2
udc
_c
BK
999
_c
1827
_d
1827